Mysl ekonomiczna wobec idei planowania gospodarczego w Polsce w okresie miedzywojennym.

Vzťah predstaviteľov akademického myslenia k plánovaniu. Štatisti a myšlienka plánovania. Prvá hospodárska brigáda. Klub národného hospodárstva. Zahraniční zástancovia plánovania.

Gespeichert in:
Bibliographische Detailangaben
1. Verfasser: Zagóra-Jonszta, U.
Format: Buchkapitel
Sprache:Polnisch
Schlagworte:
Tags: Tag hinzufügen
Keine Tags, Fügen Sie das erste Tag hinzu!

MARC

LEADER 00000naa a2200000 4500
001 r007787
005 20221125122724.6
041 0 |a pol 
044 |a PL 
245 1 0 |a Mysl ekonomiczna wobec idei planowania gospodarczego w Polsce w okresie miedzywojennym.  |c U. Zagóra-Jonszta 
520 |a Vzťah predstaviteľov akademického myslenia k plánovaniu. Štatisti a myšlienka plánovania. Prvá hospodárska brigáda. Klub národného hospodárstva. Zahraniční zástancovia plánovania. 
610 2 0 |a plánovanie 
610 2 0 |a dejiny myslenia ekonomického 
610 2 0 |a PR 
610 2 0 |a 1930-1938 
100 1 |a Zagóra-Jonszta, U.